01376cam a2200265 a 4500001000500000005001700005020001800022040002900040050002100069082001000090100001700100245004000117250003000157260003900187300004500226490002500271505000800296520066300304521002000967521002000987650003001007650001801037655002801055655002701083276920240112155305.0 a9781407157450 aOCocOCodCSbCdDLCbeng00aPZ7.S86037b199400a813.61 aStine, R. L.10aOne day at HorrorLand /cR.L. Stine aFirst Published in the US aNew York :bScholastic Inc.,c1994 a123 pages : c21 cm . billustrations ; 1 aGoosebumps vBook 4  aJ  aDiscover the original bone-chilling adventures that made Goosebumps one of the bestselling children's books series of all time. Now with all-new bonus materials! Werewolf Village. The Doom Slide. The Coffin Cruise. These are just a few of the terrifying attractions that await Luke and Lizzy Morris at HorrorLand. Step right up and join the Morris family as they ride each ride--and scream each scream--for the very first time. Because it might also be their last.LOOK in the back of the BOOK: This special collector's edition includes a secret guide to the new Goosebumps HorrorLand series, tips & tricks for the Goosebumps HorrorLand video game, and more!.0 a490 bLexile 1 aJ bRaz-Plus  1aAmusement parksxFiction. 0aHorror tales. 7aFantasy fiction.2gsafd 7aHorror fiction.2gsafd